| 000 | 00621nam a22002057a 4500 | ||
|---|---|---|---|
| 003 | BUBTL | ||
| 008 | 171209b xxu||||| |||| 00| 0 eng d | ||
| 082 | _a657.42/ Ak66s/ 2004 | ||
| 100 |
_91637 _aAkond,Md. jasim Udddin |
||
| 245 |
_a Cost Accounting : _cAkond, Md. jasim Udddin and Md. Yusuf |
||
| 250 | _a1st | ||
| 260 |
_aDhaka. _bICMA _cc2004 |
||
| 300 |
_a203p. : ill. Table, chart ; 21cm. _b _c |
||
| 500 | _aInclude Index. | ||
| 650 | 0 |
_951 _aCost Accounting |
|
| 700 |
_91638 _aMd. Jasim Uddin Akond and Md. Yusuf |
||
| 856 |
_k0 _l0 _yDownload |
||
| 942 |
_2ddc _cBK _e1st |
||
| 999 |
_c5596 _d5596 |
||